Top 10 największych państw na świecie - Statystyki

Ogólne statystyki
  • Ten quiz został rozwiązany 79 razy
  • Średni wynik to 9 z 10
Statystyki odpowiedzi
Miejsce Powierzchnia Kraje % Poprawnych
4 9597,000 Chiny
99%
2 9985,000 Kanada
99%
1 17,100,00 Rosja
99%
3 9834,000 Stany Zjednoczone
99%
5 8510,000 Brazylia
91%
7 3287,000 Indie
90%
6 7688,000 Australia
85%
8 2780,000 Argentyna
81%
9 2725,000 Kazachstan
75%
10 2382,000 Algieria
69%
Nie znaleziono quizów pasujących do podanych kryteriów
Rozkład punktacji
Procent ludzi z każdym wynikiem
Percentyl według liczby udzielonych odpowiedzi
Twoja historia wyników
Nie rozwiązałeś tego quizu